| 000 | 00484cam a2200181ua 4500 | ||
|---|---|---|---|
| 020 |
_a81-239-0013-9 _c90.00 |
||
| 041 |
_aeng _h |
||
| 082 |
_a551.01 _bGIR/TE |
||
| 100 | _aGirijabhushan, Mahapatra . | ||
| 245 |
_aText book of Geology / _cGirijabhushan Mahapatra. _hTextual Documents |
||
| 250 |
_a1 / _b. |
||
| 260 |
_aNew Delhi : _bC B S Publishers & Distributers , _c2001. |
||
| 300 | _a366 ; . | ||
| 365 | _a90.00 | ||
| 504 | _a | ||
| 942 | _cBK | ||
| 999 |
_c1556 _d1556 |
||